Central Library OPAC University of Rajshahi

Introduction to money / (Record no. 43633)

MARC details
000 -LEADER
fixed length control field 00779nam a2200265 a 4500
001 - CONTROL NUMBER
control field 43633
003 - CONTROL NUMBER IDENTIFIER
rucl marc code BD-RjUL
005 - DATE AND TIME OF LATEST TRANSACTION
control field 20211209053728.0
008 - FIXED-LENGTH DATA ELEMENTS--GENERAL INFORMATION
fixed length control field 160625s1956 enk 000 0 eng c
035 ## - SYSTEM CONTROL NUMBER
System control number (BD-RjUL)43751
040 ## - CATALOGING SOURCE
Original cataloging agency Rochester. Univ. Libr.
Transcribing agency CLE
Modifying agency UKM
-- OCL
-- EQO
Language of cataloging eng
041 ## - LANGUAGE CODE
Language code of text/sound track or separate title eng
082 ## - DEWEY DECIMAL CLASSIFICATION NUMBER
Classification number 332.4
Author mark and year CRI 1956
100 1# - MAIN ENTRY--PERSONAL NAME
Personal name Croome, H. M.
Fuller form of name (Honor Minturn),
Dates associated with a name 1908-
9 (RLIN) 134050
245 00 - TITLE STATEMENT
Title Introduction to money /
Statement of responsibility, etc. H. M. Croome
260 ## - PUBLICATION, DISTRIBUTION, ETC. (IMPRINT)
Place of publication, distribution, etc. London :
Name of publisher, distributor, etc. Methuen,
Date of publication, distribution, etc. 1956
300 ## - PHYSICAL DESCRIPTION
Pagination viii, 209 p. ;
Size 19 cm
490 1# - SERIES STATEMENT
Series statement Home study books ;
Volume/sequential designation 25
504 ## - BIBLIOGRAPHY, ETC. NOTE
Bibliography, etc Bibliography: p. 204-205 and index
650 #0 - SUBJECT ADDED ENTRY--TOPICAL TERM
Topical term or geographic name as entry element Money.
9 (RLIN) 134051
Topical term or geographic name as entry element Money
Geographic subdivision Great Britain.
9 (RLIN) 134052
830 #0 - SERIES ADDED ENTRY--UNIFORM TITLE
Uniform title Home study books ;
Volume number/sequential designation 25.
942 ## - ADDED ENTRY ELEMENTS (KOHA)
Source of classification or shelving scheme Dewey Decimal Classification
Koha item type Books
Holdings
Lost status Source of classification or shelving scheme Damaged status Not for loan Collection code Permanent Location Current Location Shelving location Date acquired Source of acquisition Cost, normal purchase price Total Checkouts Full call number Date last seen Copy number Koha item type
  Dewey Decimal Classification     Non-fiction Central Library, University of Rajshahi Central Library, University of Rajshahi   12/09/1956 Pak-American Councile 8.90   332.4 CRI 1956 25/06/2016 C-2 Books
  Dewey Decimal Classification     Non-fiction Central Library, University of Rajshahi Central Library, University of Rajshahi   05/10/1956 allies book corp 8.80   332.4 CRI 1956 30/07/2016 C-3 Books